Сверхэластичность в состаренных монокристаллах сплава FeMnAlNi; Перспективы развития фундаментальных наук; Т. 1 : Физика

Detaylı Bibliyografya
Parent link:Перспективы развития фундаментальных наук=Prospects of Fundamental Sciences Development: сборник научных трудов XV Международной конференции студентов, аспирантов и молодых ученых, г. Томск, 24-27 апреля 2018 г./ Национальный исследовательский Томский политехнический университет (ТПУ) ; под ред. И. А. Курзиной, Г. А. Вороновой.— , 2018
Т. 1 : Физика.— 2018.— [С. 259-261]
Yazar: Поклонов В. В.
Müşterek Yazar: Национальный исследовательский Томский государственный университет (ТГУ)
Diğer Yazarlar: Чумляков Ю. И. (научный руководитель)
Özet:Заглавие с экрана
На [112]-монокристаллах Fe[43,5]Mnx[34]Al[15]Ni[7,5] показано, что при старении при T=437 K, 3 h наблюдается высокотемпературная сверхэластичность при деформации растяжением в температурном интервале от 298 K до 473 K. Экспериментально установлено, что механические и функциональные свойства зависят от ориентации кристалла, которая определяет вклад деформации раздвойникованием [epsilon][detw] в теоретическую величину деформации решетки.
Dil:Rusça
Baskı/Yayın Bilgisi: 2018
Konular:
Online Erişim:http://earchive.tpu.ru/handle/11683/51005
Materyal Türü: Elektronik Kitap Bölümü
KOHA link:https://koha.lib.tpu.ru/cgi-bin/koha/opac-detail.pl?biblionumber=627441

MARC

LEADER 00000naa2a2200000 4500
001 627441
005 20231101133448.0
035 |a (RuTPU)RU\TPU\conf\27265 
035 |a RU\TPU\conf\27262 
090 |a 627441 
100 |a 20180906d2018 k y0rusy50 ca 
101 0 |a rus 
102 |a RU 
105 |a y z 100zy 
135 |a drgn ---uucaa 
181 0 |a i  
182 0 |a b 
200 1 |a Сверхэластичность в состаренных монокристаллах сплава FeMnAlNi  |d Superhelasticity in aged single crystals of FeMnAlNi alloy  |f В. В. Поклонов  |g науч. рук. Ю. И. Чумляков 
203 |a Текст  |c электронный 
230 |a 1 компьютерный файл (pdf; 332 Kb) 
300 |a Заглавие с экрана 
320 |a [Библиогр.: с. 261 (5 назв.)] 
330 |a На [112]-монокристаллах Fe[43,5]Mnx[34]Al[15]Ni[7,5] показано, что при старении при T=437 K, 3 h наблюдается высокотемпературная сверхэластичность при деформации растяжением в температурном интервале от 298 K до 473 K. Экспериментально установлено, что механические и функциональные свойства зависят от ориентации кристалла, которая определяет вклад деформации раздвойникованием [epsilon][detw] в теоретическую величину деформации решетки. 
461 1 |0 (RuTPU)RU\TPU\conf\26928  |t Перспективы развития фундаментальных наук  |l Prospects of Fundamental Sciences Development  |o сборник научных трудов XV Международной конференции студентов, аспирантов и молодых ученых, г. Томск, 24-27 апреля 2018 г.  |o в 7 т.  |f Национальный исследовательский Томский политехнический университет (ТПУ) ; под ред. И. А. Курзиной, Г. А. Вороновой  |d 2018 
463 1 |0 (RuTPU)RU\TPU\conf\26929  |t Т. 1 : Физика  |v [С. 259-261]  |d 2018 
510 1 |a Superhelasticity in aged single crystals of FeMnAlNi alloy  |z eng 
610 1 |a электронный ресурс 
610 1 |a сверхэластичность 
610 1 |a состаренные монокристаллы 
610 1 |a сплавы 
610 1 |a деформации 
610 1 |a растяжения 
610 1 |a механические свойства 
610 1 |a функциональные свойства 
610 1 |a решетки 
700 1 |a Поклонов  |b В. В. 
702 1 |a Чумляков  |b Ю. И.  |4 727 
712 0 2 |a Национальный исследовательский Томский государственный университет (ТГУ)  |c (2009- )  |2 stltpush  |3 (RuTPU)RU\TPU\col\17230 
801 2 |a RU  |b 63413507  |c 20181005  |g RCR 
856 4 |u http://earchive.tpu.ru/handle/11683/51005 
942 |c BK